[Event "Titled Tuesday intern op 20th Aug Late"]
[Site "Chess.com INT"]
[Date "2024.08.20"]
[Round "4"]
[White "Jiang, Brian"]
[Black "Ward, Ieuan C"]
[Result "1-0"]
[WhiteElo "1947"]
[BlackElo "2043"]
[PlyCount "67"]
[EventDate "2024.08.20"]
[EventType "swiss (blitz)"]
[EventRounds "11"]
[EventCountry "USA"]
[SourceTitle "EXT 2025"]
[Source "ChessBase"]
[SourceDate "2024.10.14"]
[SourceVersion "1"]
[SourceVersionDate "2024.10.14"]
[SourceQuality "1"]

1. c4 e5 2. Nc3 Nc6 3. g3 g6 4. Bg2 Bg7 5. d3 Nge7 6. e4 0-0 7. Nge2 d6 8. 0-0 Be6 9. h3 Qd7 10. Kh2 Nd8 11. f4 c6 12. Be3 f5 13. Qd2 Nf7 14. Rad1 Rad8 15. Bxa7 c5 16. Bb6 Ra8 17. b4 cxb4 18. Nd5 Bxd5 19. cxd5 Qb5 20. Be3 exf4 21. Nxf4 Bc3 22. Qc2 Ne5 23. Ne6 Rfc8 24. Qf2 Ra3 25. d4 Nc4 26. Bg5 Re8 27. Bxe7 Rxe7 28. exf5 Rf7 29. fxg6 Rxf2 30. Rxf2 hxg6 31. Rf8+ Kh7 32. Rdf1 g5 33. Be4+ Kh6 34. Rh8# 1-0

[Event "Titled Tuesday intern op 25th Jun Late"]
[Site "Chess.com INT"]
[Date "2024.06.25"]
[Round "4"]
[White "Tang, Zoey"]
[Black "Jiang, Brian"]
[Result "1-0"]
[WhiteElo "2239"]
[BlackElo "1947"]
[PlyCount "65"]
[EventDate "2024.06.25"]
[EventType "swiss (blitz)"]
[EventRounds "11"]
[EventCountry "USA"]
[SourceTitle "EXT 2025"]
[Source "ChessBase"]
[SourceDate "2024.10.14"]
[SourceVersion "1"]
[SourceVersionDate "2024.10.14"]
[SourceQuality "1"]

1. e4 c5 2. Nf3 Nc6 3. d4 cxd4 4. Nxd4 e6 5. Nc3 Qc7 6. Be3 a6 7. Qf3 Bd6 8. Nxc6 bxc6 9. 0-0-0 Nf6 10. g4 Rb8 11. g5 Ng8 12. Bc4 Ne7 13. h4 Be5 14. Bd4 Ng6 15. h5 Bxd4 16. hxg6 Bxc3 17. Qxf7+ Kd8 18. bxc3 Qe5 19. Rxh7 Re8 20. Rxg7 d5 21. Bxa6 Qxg5+ 22. f4 Qe7 23. Bxc8 Rxc8 24. exd5 cxd5 25. Rxd5+ exd5 26. Qxd5+ Kc7 27. Rxe7+ Rxe7 28. Qc5+ Kd7 29. Qd4+ Kc7 30. c4 Rg8 31. f5 Rf8 32. f6 Rd7 33. Qc5+ 1-0

[Event "Titled Tuesday intern op 30th Apr Late"]
[Site "Chess.com INT"]
[Date "2024.04.30"]
[Round "5"]
[White "Annaberdiyev, Babageldi"]
[Black "Jiang, Brian"]
[Result "0-1"]
[WhiteElo "2208"]
[BlackElo "1947"]
[PlyCount "130"]
[EventDate "2024.04.30"]
[EventType "swiss (blitz)"]
[EventRounds "11"]
[EventCountry "USA"]
[SourceTitle "EXT 2025"]
[Source "ChessBase"]
[SourceDate "2024.10.14"]
[SourceVersion "1"]
[SourceVersionDate "2024.10.14"]
[SourceQuality "1"]

1. e4 c5 2. Nf3 Nc6 3. d3 g6 4. Nbd2 Bg7 5. g3 d6 6. Bg2 e5 7. h4 h6 8. 0-0 Nge7 9. c3 Be6 10. a4 0-0 11. Re1 Qd7 12. Nc4 f5 13. exf5 gxf5 14. h5 Rae8 15. Nh4 d5 16. Ne3 f4 17. Nf1 Bg4 18. Qb3 Bxh5 19. Qb5 f3 20. Bh1 b6 21. Nh2 Bf7 22. N4xf3 Ng6 23. a5 Rb8 24. axb6 axb6 25. Ra6 Qc7 26. Ng4 Kh7 27. Bg2 Rfe8 28. Nfh2 Be6 29. c4 Nd4 30. Qa4 Bd7 31. Qa3 dxc4 32. dxc4 Nc2 33. Ra7 Qc8 34. Qd3 Nxe1 35. Qxd7 Qxd7 36. Rxd7 Nxg2 37. Kxg2 Re7 38. Rd6 Rf8 39. Rxb6 e4 40. Be3 Bd4 41. Bxh6 Rf5 42. Be3 Ne5 43. Nf6+ Kg7 44. Nd5 Ref7 45. Bf4 Nxc4 46. Rb3 Rxd5 47. Ng4 Ne5 48. Ne3 Rdd7 49. Rb5 Nd3 50. b3 Nxf4+ 51. gxf4 Rxf4 52. Nd1 Rdf7 53. b4 Rxf2+ 54. Nxf2 Rxf2+ 55. Kg3 Rf3+ 56. Kg4 Rb3 57. Rb7+ Kf6 58. Rb6+ Ke5 59. Rb8 Rxb4 60. Re8+ Kd5 61. Kf4 e3 62. Kf3 Kc4 63. Ke2 Rb2+ 64. Ke1 Kd3 65. Kd1 Rb1# 0-1

[Event "Titled Tuesday intern op 30th Apr Late"]
[Site "Chess.com INT"]
[Date "2024.04.30"]
[Round "7"]
[White "Jiang, Brian"]
[Black "Weishaeutel, Moritz"]
[Result "0-1"]
[WhiteElo "1947"]
[BlackElo "2379"]
[PlyCount "72"]
[EventDate "2024.04.30"]
[EventType "swiss (blitz)"]
[EventRounds "11"]
[EventCountry "USA"]
[SourceTitle "EXT 2025"]
[Source "ChessBase"]
[SourceDate "2024.10.14"]
[SourceVersion "1"]
[SourceVersionDate "2024.10.14"]
[SourceQuality "1"]

1. c4 Nf6 2. Nc3 e6 3. e4 d5 4. cxd5 exd5 5. e5 d4 6. exf6 dxc3 7. Bb5+ c6 8. Qe2+ Be6 9. Bc4 Qxf6 10. dxc3 Be7 11. Bxe6 fxe6 12. Nf3 0-0 13. 0-0 Nd7 14. Bg5 Qf7 15. Rae1 Nc5 16. b4 Na4 17. Qxe6 Qxe6 18. Rxe6 Bxg5 19. Nxg5 Nxc3 20. Re7 Rab8 21. Rfe1 Nd5 22. Rd7 Rfd8 23. Rxd8+ Rxd8 24. h4 h6 25. Nf3 Nxb4 26. Re7 Rb8 27. Ne5 Nxa2 28. h5 Nc3 29. Rd7 Nd5 30. g3 Nf6 31. Rc7 Nxh5 32. Kg2 Nf6 33. f4 a5 34. g4 a4 35. g5 Nd5 36. Kf3 Nxc7 0-1

[Event "Titled Tuesday intern op 30th Apr Late"]
[Site "Chess.com INT"]
[Date "2024.04.30"]
[Round "3"]
[White "Papayan, Oleg"]
[Black "Jiang, Brian"]
[Result "1-0"]
[WhiteElo "2183"]
[BlackElo "1947"]
[PlyCount "77"]
[EventDate "2024.04.30"]
[EventType "swiss (blitz)"]
[EventRounds "11"]
[EventCountry "USA"]
[SourceTitle "EXT 2025"]
[Source "ChessBase"]
[SourceDate "2024.10.14"]
[SourceVersion "1"]
[SourceVersionDate "2024.10.14"]
[SourceQuality "1"]

1. e4 c5 2. d4 cxd4 3. Qxd4 Nc6 4. Qd3 g6 5. Nc3 Bg7 6. Nf3 d6 7. Be2 Nf6 8. 0-0 0-0 9. Nd5 Nxd5 10. exd5 Bf5 11. Qd1 Nb4 12. c3 Nc2 13. g4 Nxa1 14. gxf5 Qa5 15. a4 Rac8 16. Bg5 Rfe8 17. fxg6 hxg6 18. Qxa1 Qxd5 19. Be3 a6 20. Rd1 Qh5 21. Qa2 Rf8 22. Qd5 Be5 23. Nxe5 Qxe2 24. Nxg6 Qg4+ 25. Kh1 e6 26. Ne7+ Kg7 27. Qd4+ Qxd4 28. Bxd4+ e5 29. Nxc8 exd4 30. Nxd6 dxc3 31. bxc3 Kf6 32. Nxb7 Rb8 33. Nc5 Rc8 34. Nxa6 Rxc3 35. Nb4 Rc4 36. Nd5+ Ke5 37. a5 Ra4 38. f4+ Ke4 39. Nc3+ 1-0

[Event "Titled Tuesday intern op 16th Apr Late"]
[Site "Chess.com INT"]
[Date "2024.04.16"]
[Round "3"]
[White "Jiang, Brian"]
[Black "Bartholomew, John"]
[Result "0-1"]
[WhiteElo "1947"]
[BlackElo "2446"]
[PlyCount "66"]
[EventDate "2024.04.16"]
[EventType "swiss (blitz)"]
[EventRounds "11"]
[EventCountry "USA"]
[SourceTitle "CBM 219 Extra"]
[Source "ChessBase"]
[SourceDate "2024.05.31"]
[SourceVersion "1"]
[SourceVersionDate "2024.05.31"]
[SourceQuality "1"]

1. c4 c6 2. d4 d5 3. Nf3 Nf6 4. Nc3 dxc4 5. a4 Bf5 6. Ne5 Nbd7 7. Nxc4 Nb6 8. Ne5 a5 9. e3 h6 10. Bd3 Bxd3 11. Qxd3 e6 12. 0-0 Bb4 13. Ne2 0-0 14. Ng3 Qe7 15. b3 Rfd8 16. Bb2 Rac8 17. Rfd1 Nbd7 18. Nc4 Nd5 19. e4 Nf4 20. Qf3 Ng6 21. Nh5 Qg5 22. Bc1 Nh4 23. Bxg5 Nxf3+ 24. gxf3 hxg5 25. Rac1 b5 26. Ne3 Nb6 27. axb5 cxb5 28. Ng3 Rxc1 29. Rxc1 Rxd4 30. Rc6 Rd6 31. Rc7 a4 32. Ng4 axb3 33. Ne5 b2 0-1

[Event "Titled Tuesday intern op 16th Apr Late"]
[Site "Chess.com INT"]
[Date "2024.04.16"]
[Round "8"]
[White "Mazurkiewicz, Michal"]
[Black "Jiang, Brian"]
[Result "1-0"]
[WhiteElo "2145"]
[BlackElo "1947"]
[PlyCount "119"]
[EventDate "2024.04.16"]
[EventType "swiss (blitz)"]
[EventRounds "11"]
[EventCountry "USA"]
[SourceTitle "CBM 219 Extra"]
[Source "ChessBase"]
[SourceDate "2024.05.31"]
[SourceVersion "1"]
[SourceVersionDate "2024.05.31"]
[SourceQuality "1"]

1. e4 c5 2. Nf3 Nc6 3. g3 g6 4. Bg2 Bg7 5. 0-0 d6 6. Re1 e5 7. d3 Nge7 8. Nc3 h6 9. Nd2 0-0 10. Nc4 Rb8 11. a4 a6 12. a5 Be6 13. Nd5 Bxd5 14. exd5 Nd4 15. c3 Nb5 16. f4 exf4 17. Bxf4 Re8 18. Qf3 g5 19. Bd2 Nc7 20. Qh5 Nexd5 21. Rf1 Nf6 22. Qf3 d5 23. Nb6 Qd6 24. h4 Ne6 25. Nxd5 Nxd5 26. Qxd5 Qxg3 27. hxg5 hxg5 28. Rf3 Qe5 29. Rf5 Qxd5 30. Bxd5 Rbd8 31. Bc4 Rd6 32. Bxg5 Nxg5 33. Rxg5 Re5 34. Rxe5 Bxe5 35. Rf1 Rg6+ 36. Kf2 Rf6+ 37. Ke2 Rxf1 38. Kxf1 Bc7 39. Bd5 b6 40. axb6 Bxb6 41. Ke2 Kg7 42. Kf3 f6 43. Ke4 Kg6 44. Bb7 a5 45. Kd5 f5 46. Kc6 Ba7 47. Kb5 Kf6 48. Kxa5 Ke5 49. Ka6 Bb8 50. Kb6 Bd6 51. Bh1 Kf4 52. Kc6 Bf8 53. d4 cxd4 54. cxd4 Ke3 55. d5 Kd3 56. d6 Bxd6 57. Kxd6 Kc4 58. Bd5+ Kb4 59. Ke5 Kc5 60. Bg8 1-0

[Event "Banff op"]
[Site "Banff"]
[Date "2023.11.11"]
[Round "4"]
[White "Soberov, Emil"]
[Black "Jiang, Brian"]
[Result "0-1"]
[WhiteElo "2266"]
[BlackElo "1888"]
[PlyCount "140"]
[EventDate "2023.11.10"]
[EventType "swiss"]
[EventRounds "6"]
[EventCountry "CAN"]
[SourceTitle "CBM 217 Extra"]
[Source "ChessBase"]
[SourceDate "2024.01.31"]
[SourceVersion "1"]
[SourceVersionDate "2024.01.31"]
[SourceQuality "1"]

1. e4 c5 2. Nc3 Nc6 3. Bb5 Nd4 4. Nf3 e6 5. 0-0 a6 6. Be2 Ne7 7. Nxd4 cxd4 8. Nb1 Nc6 9. f4 Be7 10. d3 0-0 11. a3 b5 12. Nd2 f6 13. Qe1 Bb7 14. Nf3 Rc8 15. Qg3 f5 16. Kh1 Qb6 17. e5 b4 18. Qf2 Bc5 19. b3 Ne7 20. Bb2 bxa3 21. Bxd4 Nd5 22. Bxc5 Rxc5 23. Ne1 Qb4 24. c4 Rfc8 25. Nc2 Qxb3 26. Nd4 Qb2 27. Bf3 Ba8 28. Qxb2 axb2 29. Rab1 Nb4 30. Be2 Ra5 31. Rxb2 Nc6 32. Nc2 Kf7 33. Bf3 g5 34. g3 g4 35. Bg2 Ra4 36. Kg1 a5 37. Rfb1 Ke7 38. Kf2 h5 39. Ke3 h4 40. gxh4 Rh8 41. Kf2 Rxh4 42. Kg3 Rh8 43. Bf1 Rc8 44. Bg2 Nd8 45. Nd4 Bxg2 46. Kxg2 Ra3 47. Rb3 Ra2+ 48. R3b2 Rxb2+ 49. Rxb2 Nc6 50. Nb5 Rh8 51. d4 Nb4 52. Rd2 Rh3 53. d5 a4 54. d6+ Kf7 55. Rb2 Nd3 56. Ra2 Nxf4+ 57. Kg1 Nd3 58. Re2 Nc5 59. Rb2 Re3 60. Nc7 Rxe5 61. Rb8 Re2 62. Nb5 Re4 63. Na3 Re1+ 64. Kg2 Rd1 65. Rc8 Ne4 66. c5 f4 67. h4 f3+ 68. Kh2 Rd2+ 69. Kg1 f2+ 70. Kg2 Rd1 0-1

[Event "Titled Tuesday intern op 06th Jun Early"]
[Site "Chess.com INT"]
[Date "2023.06.06"]
[Round "5"]
[White "Jiang, Brian"]
[Black "Perez, Maximiliano"]
[Result "1/2-1/2"]
[WhiteElo "1888"]
[BlackElo "2396"]
[PlyCount "156"]
[EventDate "2023.06.06"]
[EventType "swiss (blitz)"]
[EventRounds "11"]
[EventCountry "USA"]
[SourceTitle "EXT 2024"]
[Source "ChessBase"]
[SourceDate "2023.10.10"]
[SourceVersion "1"]
[SourceVersionDate "2023.10.10"]
[SourceQuality "1"]

1. c4 Nf6 2. Nc3 e6 3. g3 d5 4. d4 Bb4 5. Bg2 0-0 6. cxd5 exd5 7. Nf3 c6 8. 0-0 Re8 9. Qc2 Bg4 10. Ne5 Bh5 11. Bf4 Nbd7 12. Rfe1 Nxe5 13. Bxe5 Bg6 14. Qb3 a5 15. a3 Bxc3 16. bxc3 b5 17. a4 bxa4 18. Rxa4 Ne4 19. Qb2 f6 20. Bf4 Nd6 21. Bxd6 Qxd6 22. Rea1 Reb8 23. Qa3 Qc7 24. c4 Bc2 25. cxd5 Bxa4 26. Qxa4 Rb4 27. Qxb4 axb4 28. Rxa8+ Kf7 29. dxc6 Kg6 30. Ra4 Qb6 31. d5 b3 32. Rc4 b2 33. Be4+ f5 34. Bb1 Qc7 35. Rc2 Kf6 36. Rxb2 Ke5 37. Rb7 Qa5 38. c7 Qc5 39. Ba2 Kd6 40. Kg2 g5 41. c8Q Qxc8 42. Rxh7 Qc2 43. Rh6+ Kd7 44. Ra6 Qxe2 45. Ra7+ Kd6 46. Ra4 g4 47. Rf4 Ke5 48. Bb1 Kxd5 49. Bxf5 Ke5 50. Bxg4 Qe1 51. Bf3 Qc3 52. Re4+ Kf5 53. h4 Kg6 54. Rg4+ Kh6 55. Rf4 Qb2 56. Be4 Qa1 57. Bf3 Qb2 58. g4 Qe5 59. Kg3 Kg6 60. Bg2 Kh6 61. Bh3 Qd6 62. g5+ Kg6 63. Bg4 Qe5 64. f3 Qd6 65. Bh3 Qe5 66. Bf1 Kh5 67. Bh3 Kg6 68. Bf5+ Kh5 69. Be4 Qd6 70. Bf5 Qe5 71. Bg4+ Kg6 72. Bc8 Qe1+ 73. Kg4 Qg1+ 74. Kh3 Qh1+ 75. Kg3 Qg1+ 76. Kh3 Qh1+ 77. Kg3 Qe1+ 78. Kh3 Qh1+ 1/2-1/2

[Event "Kingston Canada zt"]
[Site "Kingston"]
[Date "2022.04.15"]
[Round "5"]
[White "Han, Johnathan"]
[Black "Jiang, Brian"]
[Result "0-1"]
[WhiteElo "2009"]
[BlackElo "1886"]
[PlyCount "114"]
[EventDate "2022.04.13"]
[EventType "swiss"]
[EventRounds "9"]
[EventCountry "CAN"]
[SourceTitle "CBM 207 Extra"]
[Source "ChessBase"]
[SourceDate "2022.05.31"]
[SourceVersion "1"]
[SourceVersionDate "2022.05.31"]
[SourceQuality "1"]

1. e4 c5 2. Nf3 Nc6 3. d4 cxd4 4. Nxd4 e6 5. Nxc6 bxc6 6. Bd3 Nf6 7. Nd2 d5 8. Qe2 Qc7 9. b3 Bb4 10. 0-0 Bc3 11. Rb1 0-0 12. Nf3 h6 13. Bd2 Bxd2 14. Nxd2 e5 15. h3 a5 16. Rfe1 Re8 17. Qe3 a4 18. b4 a3 19. c3 Rd8 20. Nb3 Nd7 21. Rbd1 f6 22. Nc5 Nxc5 23. Qxc5 Be6 24. exd5 Rxd5 25. Qe3 Rad8 26. Qe2 Kf8 27. Be4 R5d6 28. Bf3 c5 29. b5 Qa5 30. Rxd6 Rxd6 31. Rc1 Qa4 32. Bc6 Qc4 33. Qxc4 Bxc4 34. Rb1 Rd2 35. b6 Rb2 36. Rxb2 axb2 37. Be4 Bd5 38. Bb1 Ke7 39. a4 f5 40. f3 Kd6 41. Kf2 Kc6 42. a5 Kb7 43. Ke3 Ka6 44. Kd2 Kxa5 45. c4 Bc6 46. Bxf5 e4 47. Kc2 exf3 48. gxf3 Bxf3 49. Kxb2 g5 50. Bg4 Bg2 51. Kc3 Kxb6 52. Kd3 Bf1+ 53. Ke4 Bxc4 54. Kf5 Bd3+ 55. Kf6 c4 56. Kg7 c3 57. Bd1 h5 0-1

[Event "Titled Tuesday intern op 22nd Feb Early"]
[Site "Chess.com INT"]
[Date "2022.02.22"]
[Round "6"]
[White "Cramling Bellon, Anna"]
[Black "Jiang, Brian"]
[Result "1-0"]
[WhiteElo "2057"]
[BlackElo "1886"]
[PlyCount "51"]
[EventDate "2022.02.22"]
[EventType "swiss (blitz)"]
[EventRounds "11"]
[EventCountry "USA"]
[SourceTitle "CBM 207 Extra"]
[Source "ChessBase"]
[SourceDate "2022.05.31"]
[SourceVersion "1"]
[SourceVersionDate "2022.05.31"]
[SourceQuality "1"]

1. d4 Nf6 2. c4 b6 3. Nc3 Bb7 4. Qc2 d5 5. cxd5 Nxd5 6. e4 Nxc3 7. bxc3 e6 8. Nf3 Nd7 9. Be3 Be7 10. Bd3 c5 11. 0-0 Rc8 12. d5 exd5 13. exd5 Bxd5 14. Rad1 Be6 15. Bb5 Qc7 16. Qa4 Rd8 17. Bf4 Qc8 18. Ne5 Bf6 19. Nxd7 Bxd7 20. Rfe1+ Be7 21. Bd6 0-0 22. Bxe7 Bxb5 23. Qxb5 Rxd1 24. Rxd1 Re8 25. Qxe8+ Qxe8 26. Rd8 1-0

[Event "Titled Tuesday intern op 22nd Feb Early"]
[Site "Chess.com INT"]
[Date "2022.02.22"]
[Round "5"]
[White "Jiang, Brian"]
[Black "Hua, Lefong"]
[Result "0-1"]
[WhiteElo "1886"]
[BlackElo "2305"]
[PlyCount "86"]
[EventDate "2022.02.22"]
[EventType "swiss (blitz)"]
[EventRounds "11"]
[EventCountry "USA"]
[SourceTitle "CBM 207 Extra"]
[Source "ChessBase"]
[SourceDate "2022.05.31"]
[SourceVersion "1"]
[SourceVersionDate "2022.05.31"]
[SourceQuality "1"]

1. d4 Nf6 2. c4 g6 3. Nc3 Bg7 4. e4 d6 5. f3 0-0 6. Be3 c5 7. dxc5 dxc5 8. Qxd8 Rxd8 9. Bxc5 Nc6 10. Nge2 b6 11. Ba3 Nd7 12. 0-0-0 Ba6 13. Nb5 Nde5 14. Nec3 Rxd1+ 15. Kxd1 Rd8+ 16. Kc2 Bh6 17. Nd5 e6 18. Nbc3 exd5 19. cxd5 Nd4+ 20. Kb1 Bxf1 21. Rxf1 Nc4 22. Rd1 Nxa3+ 23. bxa3 Be3 24. Rd3 Bg1 25. Rd1 Bf2 26. Rd2 Be1 27. Rxd4 Bxc3 28. Rc4 Be5 29. g3 g5 30. Rc6 f6 31. Kc2 Kf7 32. Kd3 Ke7 33. Ke3 Bd6 34. f4 gxf4+ 35. gxf4 Rd7 36. e5 fxe5 37. fxe5 Bxa3 38. Ke4 Kd8 39. Rh6 Rg7 40. d6 b5 41. Kd5 b4 42. e6 Bb2 43. Rh4 Rg1 0-1

[Event "Titled Tuesday intern op 22nd Feb Early"]
[Site "Chess.com INT"]
[Date "2022.02.22"]
[Round "3"]
[White "Jiang, Brian"]
[Black "Vlassov, Nikolai"]
[Result "0-1"]
[WhiteElo "1886"]
[BlackElo "2294"]
[PlyCount "114"]
[EventDate "2022.02.22"]
[EventType "swiss (blitz)"]
[EventRounds "11"]
[EventCountry "USA"]
[SourceTitle "CBM 207 Extra"]
[Source "ChessBase"]
[SourceDate "2022.05.31"]
[SourceVersion "1"]
[SourceVersionDate "2022.05.31"]
[SourceQuality "1"]

1. d4 Nf6 2. c4 Nc6 3. Nf3 e6 4. Nc3 Bb4 5. Qc2 d6 6. Bd2 0-0 7. a3 Bxc3 8. Bxc3 a5 9. e3 Qe7 10. Be2 e5 11. d5 Nb8 12. 0-0 c6 13. dxc6 Nxc6 14. Nd2 Be6 15. Rad1 d5 16. cxd5 Nxd5 17. Nc4 Nxc3 18. Qxc3 f6 19. Nb6 Rad8 20. Bc4 Kf7 21. Qb3 Rxd1 22. Rxd1 Rd8 23. Rxd8 Nxd8 24. h3 Qc5 25. Bxe6+ Nxe6 26. Nc4 Qd5 27. Qxb7+ Qxb7 28. Nd6+ Ke7 29. Nxb7 a4 30. Kf1 Kd7 31. Na5 Kd6 32. Nc4+ Kc5 33. Nd2 f5 34. Ke2 e4 35. f3 exf3+ 36. gxf3 g5 37. Kd3 h5 38. Nb1 g4 39. fxg4 fxg4 40. hxg4 h4 41. Nd2 h3 42. Nf3 Kd6 43. g5 Ke7 44. Ke2 Nxg5 45. Nh2 Kd6 46. Kd3 Ke5 47. Kc4 Ke4 48. Kb4 Kxe3 49. Kxa4 Nf3 50. Ng4+ Kf4 51. Nf2 h2 52. b4 Kg3 53. Nh1+ Kg2 54. b5 Kg1 55. Ng3 Kg2 56. b6 Ne5 57. b7 Nd7 0-1

[Event "Titled Tuesday intern op 22nd Feb Early"]
[Site "Chess.com INT"]
[Date "2022.02.22"]
[Round "7"]
[White "Jiang, Brian"]
[Black "Zaksaite, Salomeja"]
[Result "1-0"]
[WhiteElo "1886"]
[BlackElo "2261"]
[PlyCount "73"]
[EventDate "2022.02.22"]
[EventType "swiss (blitz)"]
[EventRounds "11"]
[EventCountry "USA"]
[SourceTitle "CBM 207 Extra"]
[Source "ChessBase"]
[SourceDate "2022.05.31"]
[SourceVersion "1"]
[SourceVersionDate "2022.05.31"]
[SourceQuality "1"]

1. d4 Nf6 2. c4 g6 3. Nc3 d5 4. Qb3 dxc4 5. Qxc4 Bg7 6. e4 0-0 7. Be2 Nfd7 8. Nf3 Nb6 9. Qd3 Bg4 10. Be3 Nc6 11. Rd1 Qc8 12. h3 Bxf3 13. Bxf3 Rd8 14. d5 Ne5 15. Qe2 Nxf3+ 16. Qxf3 Nc4 17. Bc1 c6 18. 0-0 e6 19. Qe2 cxd5 20. exd5 Bxc3 21. bxc3 exd5 22. Bh6 Qe6 23. Qf3 Ne5 24. Qg3 Qf5 25. Rfe1 Nc4 26. Qh4 Rac8 27. Bg5 Re8 28. Bf6 h5 29. Bd4 Re6 30. Rxe6 Qxe6 31. Qg5 Kh7 32. Rd3 Re8 33. Rf3 Nd6 34. Rf6 Nf5 35. Rxe6 Rxe6 36. g4 hxg4 37. hxg4 1-0

[Event "Titled Tuesday intern op 22nd Feb Early"]
[Site "Chess.com INT"]
[Date "2022.02.22"]
[Round "4"]
[White "Seifert, Harald"]
[Black "Jiang, Brian"]
[Result "0-1"]
[WhiteElo "2148"]
[BlackElo "1886"]
[PlyCount "106"]
[EventDate "2022.02.22"]
[EventType "swiss (blitz)"]
[EventRounds "11"]
[EventCountry "USA"]
[SourceTitle "CBM 207 Extra"]
[Source "ChessBase"]
[SourceDate "2022.05.31"]
[SourceVersion "1"]
[SourceVersionDate "2022.05.31"]
[SourceQuality "1"]

1. e4 c5 2. Nf3 Nc6 3. Bb5 e6 4. 0-0 Nge7 5. Re1 Nd4 6. Nxd4 cxd4 7. d3 a6 8. Ba4 Nc6 9. Qh5 Qa5 10. Qxa5 Nxa5 11. Bd2 Nc6 12. Bb3 Be7 13. a4 b6 14. Na3 Rb8 15. f4 0-0 16. e5 d6 17. exd6 Bxd6 18. Nc4 Bc7 19. g3 Rd8 20. Ne5 Nxe5 21. fxe5 Bb7 22. h4 Bd5 23. Bxd5 Rxd5 24. Bf4 Rc8 25. Re2 Bb8 26. Rf1 Kf8 27. Rff2 Ke8 28. Kf1 Rcc5 29. Re4 a5 30. Ke1 b5 31. axb5 Rxb5 32. b3 Bxe5 33. Bxe5 Rxe5 34. Rxe5 Rxe5+ 35. Kd2 Re3 36. Rf4 e5 37. Rg4 g6 38. c4 Rf3 39. Ke2 Rf6 40. Re4 Re6 41. Kd2 f6 42. Re1 Rb6 43. Ra1 Rxb3 44. Rxa5 Rb2+ 45. Kc1 Rg2 46. Ra8+ Kf7 47. Ra7+ Ke6 48. Rxh7 Rxg3 49. Rh6 Rxd3 50. Rxg6 Rc3+ 51. Kd2 Rxc4 52. h5 Rc3 53. h6 Rh3 0-1

[Event "Titled Tuesday intern op 13th July"]
[Site "Chess.com INT"]
[Date "2021.07.13"]
[Round "7"]
[White "Antonova, Nadezhda"]
[Black "Jiang, Brian"]
[Result "1-0"]
[WhiteElo "1877"]
[BlackElo "1886"]
[PlyCount "51"]
[EventDate "2021.07.13"]
[EventType "swiss (blitz)"]
[EventRounds "11"]
[EventCountry "USA"]
[SourceTitle "CBM 203 Extra"]
[Source "ChessBase"]
[SourceDate "2021.09.30"]
[SourceVersion "1"]
[SourceVersionDate "2021.09.30"]
[SourceQuality "1"]

1. d4 Nf6 2. Nf3 e6 3. Nbd2 b5 4. e4 a6 5. Bd3 Bb7 6. 0-0 c5 7. c3 Be7 8. Re1 d6 9. Qe2 0-0 10. a4 b4 11. cxb4 cxb4 12. b3 Nc6 13. Bb2 Na5 14. Rac1 Qb6 15. Nc4 Nxc4 16. Rxc4 d5 17. exd5 Bxd5 18. Ne5 Qb7 19. f3 a5 20. Rec1 Bxc4 21. Bxc4 Nd5 22. Re1 Nc3 23. Qe3 Rad8 24. Nxf7 Rxf7 25. Qxe6 Bf6 26. Qe8+ 1-0

[Event "Titled Tuesday intern op 13th July"]
[Site "Chess.com INT"]
[Date "2021.07.13"]
[Round "8"]
[White "Jiang, Brian"]
[Black "Buker, Muhittin"]
[Result "1-0"]
[WhiteElo "1886"]
[BlackElo "1996"]
[PlyCount "73"]
[EventDate "2021.07.13"]
[EventType "swiss (blitz)"]
[EventRounds "11"]
[EventCountry "USA"]
[SourceTitle "CBM 203 Extra"]
[Source "ChessBase"]
[SourceDate "2021.09.30"]
[SourceVersion "1"]
[SourceVersionDate "2021.09.30"]
[SourceQuality "1"]

1. d4 Nf6 2. c4 e6 3. g3 Bb4+ 4. Nd2 0-0 5. Bg2 d5 6. Qc2 c5 7. dxc5 Bxc5 8. cxd5 Qb6 9. Nh3 exd5 10. 0-0 Nc6 11. Nb3 Nd4 12. Nxd4 Bxd4 13. Nf4 Rd8 14. e3 Be5 15. Ne2 g6 16. Nd4 Bxd4 17. exd4 Qxd4 18. Be3 Qe5 19. Rad1 Be6 20. Qb3 b6 21. Bd4 Qf5 22. Rfe1 Ne4 23. f3 Nc5 24. Qe3 Nd7 25. g4 Qc2 26. Rd2 Qa4 27. Qh6 f6 28. Rxe6 Re8 29. Rxe8+ Rxe8 30. Bf2 Qc4 31. Rd1 Ne5 32. Qd2 Rd8 33. h3 Qxa2 34. f4 Nc4 35. Bxd5+ Kg7 36. Qd4 b5 37. g5 1-0

[Event "Titled Tuesday intern op 13th July"]
[Site "Chess.com INT"]
[Date "2021.07.13"]
[Round "9"]
[White "Salazar Olchowski, Gabriel Anton"]
[Black "Jiang, Brian"]
[Result "1-0"]
[WhiteElo "2159"]
[BlackElo "1886"]
[PlyCount "97"]
[EventDate "2021.07.13"]
[EventType "swiss (blitz)"]
[EventRounds "11"]
[EventCountry "USA"]
[SourceTitle "CBM 203 Extra"]
[Source "ChessBase"]
[SourceDate "2021.09.30"]
[SourceVersion "1"]
[SourceVersionDate "2021.09.30"]
[SourceQuality "1"]

1. e4 c5 2. Nf3 Nc6 3. d4 cxd4 4. Nxd4 e6 5. c4 Nf6 6. Nc3 Bb4 7. Qd3 0-0 8. Be2 Ne5 9. Qg3 Nxe4 10. Qxe5 Nxc3 11. Bd2 Nxe2 12. Bxb4 Nxd4 13. Qxd4 e5 14. Qd5 Re8 15. 0-0 Qb6 16. Ba3 Qc6 17. Rad1 b6 18. Rfe1 Bb7 19. Qxc6 Bxc6 20. f3 f6 21. Rd6 Kf7 22. Red1 Re6 23. Kf2 Rae8 24. Ke3 f5 25. b4 f4+ 26. Kf2 e4 27. b5 exf3 28. bxc6 Re2+ 29. Kxf3 R8e3+ 30. Kxf4 dxc6 31. Rd7+ Kg6 32. R1d6+ Re6 33. Rxe6+ Rxe6 34. Rd6 Kf7 35. Rxe6 Kxe6 36. Bb2 g6 37. Bd4 Kd6 38. h4 c5 39. Bc3 a6 40. a4 Kc6 41. Kg5 b5 42. axb5+ axb5 43. cxb5+ Kxb5 44. Kh6 Kc4 45. Bg7 Kd3 46. Kxh7 Ke4 47. Kxg6 Kf4 48. h5 Kg3 49. h6 1-0

[Event "Toronto Crown op"]
[Site "Toronto"]
[Date "2019.08.31"]
[Round "2"]
[White "Jiang, Brian"]
[Black "Chiku Ratte, Olivier Kenta"]
[Result "0-1"]
[WhiteElo "1871"]
[BlackElo "2361"]
[PlyCount "40"]
[EventDate "2019.08.31"]
[EventType "swiss"]
[EventRounds "6"]
[EventCountry "CAN"]
[SourceTitle "EXT 2020"]
[Source "ChessBase"]
[SourceDate "2019.10.17"]
[SourceVersion "1"]
[SourceVersionDate "2019.10.17"]
[SourceQuality "1"]

1. d4 Nf6 2. c4 g6 3. Nc3 Bg7 4. Nf3 0-0 5. Bg5 c5 6. d5 d6 7. Qc2 e6 8. e4 h6 9. Bc1 exd5 10. cxd5 Re8 11. Bd3 Na6 12. a3 c4 13. Be2 Nc5 14. Nd2 b5 15. Nxb5 Nfxe4 16. Nxc4 a6 17. Nc3 Nxc3 18. bxc3 Bf5 19. Qd1 Rxe2+ 20. Qxe2 Bxc3+ 0-1